Public relations rostou a porostou

PR agentúram sa darí. Tak by išiel popísať súčasný stav oboru doložený výsledkami výzkumu (NMS Research 2024) medzi členmi Asiciace Public Relations (APRA). Možno najlepšie o tom svedčí zistenie, že v roku 2024 sa chystá rozlúčiť s neprofatibilými klientami 48% dotazovaných agentúr. To je 4x viac ak...

Descrizione completa

Salvato in:
Dettagli Bibliografici
Autore principale: Hlavica, Marek
Natura: Capitolo di libro
Lingua:ceco
Soggetti:
Tags: Aggiungi Tag
Nessun Tag, puoi essere il primo ad aggiungerne!!

MARC

LEADER 00000naa a2200000 4500
001 0304565
005 20241014081347.4
041 0 |a cze 
044 |a CZ 
245 1 0 |a Public relations rostou a porostou  |c Marek Hlavica 
520 |a PR agentúram sa darí. Tak by išiel popísať súčasný stav oboru doložený výsledkami výzkumu (NMS Research 2024) medzi členmi Asiciace Public Relations (APRA). Možno najlepšie o tom svedčí zistenie, že v roku 2024 sa chystá rozlúčiť s neprofatibilými klientami 48% dotazovaných agentúr. To je 4x viac ako minulý rok. Sebavedomý zámer sa opiera o obratovú trajektóriu oboru, ktorá už tretím rokom rastie. 
610 2 0 |a práca s verejnosťou 
610 2 0 |a marketing 
610 2 0 |a inteligencia umelá 
610 2 0 |a sektor verejný 
100 1 |a Hlavica, Marek